000 00749nam a22002057a 4500
999 _c378
_d378
003 AR-CdUCM
008 190223b ||||| |||| 00| 0 spa d
020 _a8482801619
040 _aMUNICIPALIDAD PROVINCIAL DEL CUSCO
_cBIBLIOTECA MUNICIPAL DEL CUSCO
082 _a970.1 /
_bN94
100 _aNúñez Cabeza de Vaca, Álvar
_91526
245 _aNaufragios /
260 _aColombia :
_bOveja Negra ,
_c1983.
300 _a152 páginas ;
_c18 cm.
440 _aHistoria Universal de Literatura
_91527
505 _aEn que cuenta cuando partió el armada -- Como el gobernador vino al puerto -- Como llegamos a la florida -- Cómo entramos por la tierra...
650 _aLiteratura universal.
_9611
942 _2ddc
_cLIBROS
945 _awfj
_d2019-02-23